| 000 | 00000nam##2200000za#4500 |
| 001 | 9.672921 |
| 003 | CaOODSP |
| 005 | 20220404161100 |
| 007 | ta |
| 008 | 150407|2011||||xxc||||| f|0| 0 eng|d |
| 020 | |a978-1-100-53115-1 |
| 040 | |aCaOODSP|beng |
| 041 | |aeng |
| 041 | |afre |
| 043 | |an-cn--- |
| 086 | 1 |aCC394-3/2011 |
| 110 | 2 |aCanada Deposit Insurance Corporation. |
| 245 | 10|aProtecting your deposits : |bfrom $1 to $100,000 |
| 260 | |aOttawa - Ontario : |bCanada Deposit Insurance Corporation |cMarch 2011. |
| 300 | |aEnglish text, [5]p. : |btable, photographs ; |c23 cm. |
| 563 | |aPamphlet |
| 590 | |a12-22|b2012-06-01 |
| 690 | 07|aBanking|2gcpds |
| 776 | 0#|tProtection de vos dépôts : |w(CaOODSP)9.638601 |
| 776 | 0#|tProtecting your deposits : |w(CaOODSP)9.694426 |
| 792 | |tProtection de vos dépôts : |efre|w(CaOODSP)9.672922 |